000 00439nam a22001575i 4500
001 171625
003 ES-MaACL
005 20230906214700.0
008 090522s1947 sp |||| | cat d
100 1 _aSoldevila, Ferran.
_9107111
245 1 0 _aHores angleses /
_cFerran Soldevila.
250 _a2ª ed.
260 _aBarcelona :
_b[s.n.],
_c1947 (
_fImp. Clarasó)
300 _a183 p. ;
_c19 cm.
852 _aES-MaACL
_jC-4158
_9R.23970
999 _c171625
_d171625